| 000 | 00315nam a22000977a 4500 | ||
|---|---|---|---|
| 999 |
_c11208 _d11208 |
||
| 008 | 181009b ||||| |||| 00| 0 eng d | ||
| 020 | _a9789383064755 | ||
| 100 |
_aSINGH, KHUSHWANT _96962 |
||
| 245 |
_aKHUS2ANT SINGH _bUNFORGETTABLE FICTION, NION FICTION, POETRY AND HUMER |
||
| 260 |
_aNEW DELHI _bALEPH BOOK COMPANY _c2014 |
||